| 000 | 01019nam a2200241 a 4500 | ||
|---|---|---|---|
| 001 | 39411 | ||
| 003 | BD-RjUL | ||
| 005 | 20211209053003.0 | ||
| 008 | 160410r20112005bg ||||| |||| 00| 0 ben d | ||
| 020 |
_a9789848088241 _c: TK 294.00 |
||
| 035 | _a(BD-RjUL)39524 | ||
| 040 |
_aBD-RjUL _bben _cBD-RjUL |
||
| 041 | _aben | ||
| 082 |
_223 _a860.3 _bMAN 2011 |
||
| 100 |
_aমার্কেস, গাব্রিয়েল গার্সিয়া _9121490 |
||
| 245 | 1 | 0 |
_aএকটি অপহরণ সংবাদ / _cগাব্রিয়েল গার্সিয়া মার্কেস; সুরেশ রঞ্জন বসাক অনুবাদক |
| 260 |
_aঢাকা : _bসন্দেশ, _c২০১১ |
||
| 300 |
_a২৫৬ পৃ. ; _c২২ সেমি. |
||
| 650 |
_aকলম্বিয়ান উপন্যাস _9121491 |
||
| 650 |
_aColombian fiction _zColombia _9121492 |
||
| 700 |
_aবসাক, সুরেশ রঞ্জন _9121493 |
||
| 942 |
_2ddc _cBK |
||
| 999 |
_c39411 _d39411 |
||